| 000 | 02312nam a22002537a 4500 | ||
|---|---|---|---|
| 003 | Uzh_bibl | ||
| 008 | 260402b |||||||| |||| 00| 0 ukr d | ||
| 020 |
_a979-966-7991-45-5 _c101.00 |
||
| 040 | _bукр. | ||
| 041 |
_2ukr _aukr |
||
| 080 | _a398(100) | ||
| 090 |
_a398.2(100) _bС 47 |
||
| 100 | _a | ||
| 245 |
_aСкарбниця казок світу _cавт.-упоряд.І.Гончаренко _hТекст |
||
| 260 |
_aХарків _bПромінь _c2004 |
||
| 300 |
_a64 с. _bіл. _fВ опр. |
||
| 520 | _aДо збірки увійшли захоплюючі казки для малюків. Діти пізнають країну фантазії, дізнаються про відомих і мудрих героїв українських казок, в казках присутній повчальний характер. Яскраві малюнки і декорації зроблять читання ще більш захоплюючим і приємним. Адресується дітям дошкільного та молодшого шкільного віку. Загальний опис: Це збірка казок, відібраних із фольклору різних країн і народів. У ній зібрані як відомі класичні історії, так і менш популярні, але не менш захопливі оповіді. У центрі уваги — універсальні людські цінності, такі як доброта, сміливість, чесність, дружба і винахідливість. Особливості книги: Ілюстрації — яскраві, детальні, добрі малюнки, що оживляють кожну казку і допомагають краще зануритись у чарівний світ оповіді. Мова — доступна й мелодійна українська, адаптована для дітей. | ||
| 521 | _aДля шкільного віку | ||
| 546 | _aукр. | ||
| 650 | _aЛітературно-художне видання | ||
| 653 |
_aКіт у чоботях _aБілосніжка _aРусалочка |
||
| 655 | _aДитяча література | ||
| 942 |
_2udc _cBK |
||
| 999 |
_c17250 _d17250 |
||